Top 100 Playstation 2 (PS2) Games - Statistics

General Stats
  • This quiz has been taken 889 times
  • The average score is 15 of 100
Answer Stats
# Game % Correct
14 Grand Theft Auto: San Andreas
76%
3 Grand Theft Auto: Vice City
73%
8 Grand Theft Auto III
71%
21 God of War
58%
24 Final Fantasy X
51%
4 God of War II
48%
10 Metal Gear Solid 2: Sons of Liberty
48%
20 Resident Evil 4
48%
2 Metal Gear Solid 3: Snake Eater
45%
41 Ratchet & Clank
45%
49 Gran Turismo 3: A-Spec
40%
79 Final Fantasy XII
38%
9 Gran Turismo 4
38%
55 Jak and Daxter: The Precursor Legacy
38%
1 Shadow of the Colossus
37%
7 Kingdom Hearts
32%
54 Silent Hill 2
31%
42 Devil May Cry
30%
75 Ratchet and Clank: Going Commando
30%
73 Kingdom Hearts II
29%
43 Bully
27%
5 Ico
27%
15 Ratchet & Clank: Up Your Arsenal
27%
18 Devil May Cry 3: Dante's Awakening
25%
25 Sly Cooper and the Thievius Raccoonus
25%
40 Jak 3
24%
6 Okami
21%
30 Guitar Hero
20%
32 Black
18%
11 Burnout 3: Takedown
18%
23 Tony Hawk's Pro Skater 3
17%
12 Guitar Hero II
16%
16 Prince of Persia: The Sands of Time
16%
29 Soulcalibur II
16%
80 Spider-Man 2
16%
69 Star Wars Battlefront
16%
39 Dragon Quest VIII: Journey of the Cursed King
15%
26 Shin Megami Tensei: Persona 3 FES
15%
82 Burnout 2: Point of Impact
12%
85 Manhunt
12%
96 Max Payne
12%
60 Sly 3: Honor Among Thieves
12%
95 SSX Tricky
12%
38 Timesplitters 2
11%
65 WWE Smackdown!: Here Comes the Pain
11%
34 Beyond Good And Evil
10%
22 Katamari Damacy
10%
97 SOCOM II: US Navy Seals
9%
37 Viewtiful Joe
9%
100 God Hand
8%
81 SSX 3
8%
61 The Warriors
8%
72 Tom Clancy's Splinter Cell Chaos Theory
7%
51 Twisted Metal: Black
7%
31 Dark Cloud 2
6%
13 Virtua Fighter 4: Evolution
6%
46 ESPN NFL 2K5
5%
45 Onimusha 2: Samurai's Destiny
5%
59 Fatal Frame II: Crimson Butterfly
4%
98 Madden NFL 2005
4%
67 Psychonauts
4%
47 Suikoden III
4%
89 Viewtiful Joe 2
4%
66 Baldur's Gate: Dark Alliance
3%
94 Killer7
3%
62 Mercenaries
3%
52 NBA Street Vol. 2
3%
56 Need for Speed: Hot Pursuit 2
3%
19 Rez
3%
33 Ridge Racer V
3%
53 Rogue Galaxy
3%
57 Tomb Raider Anniversary
3%
71 X-Men Legends II: Rise of Apocalypse
3%
17 Zone of the Enders: The 2nd Runner
3%
36 Amplitude
2%
90 Dead To Rights
2%
92 Kingdom Hearts RE: Chain of Memories
2%
44 Odin Sphere
2%
91 Colin McRae Rally 3
1%
48 Disgaea: Hour of Darkness
1%
27 Frequency
1%
50 Gitaroo Man
1%
35 GrimGrimoire
1%
28 Guilty Gear X2
1%
84 Gungrave
1%
74 Maximo: Ghosts to Glory
1%
88 Monster Rancher 4
1%
78 MVP Baseball 2005
1%
63 Primal
1%
68 Sakura Wars: So Long, My Love
1%
58 Star Ocean: Till the End of Time
1%
77 The Mark of Kri
1%
70 Tourist Trophy: The Real Riding Simulator
1%
83 Transformers
1%
64 Aggressive Inline
0%
76 Ar Tonelico 2: Melody of MetaFalica
0%
86 Battle Engine Aquila
0%
93 Fight Night 2004
0%
99 Karaoke Revolution
0%
87 Project Eden
0%
No matching quizzes found
Score Distribution
Percent of People with Each Score
Percentile by Number Answered
Your Score History
You have not taken this quiz